| 000 | 00990nam a22002055i 4500 | ||
|---|---|---|---|
| 001 | 158686 | ||
| 003 | ES-MaACL | ||
| 005 | 20250824074924.0 | ||
| 008 | 020313s1873 sp |||| | spa d | ||
| 040 |
_aCAM _bspa _cCAM |
||
| 100 | 1 |
_aMarco, José, _d1830-1895 _9129463 |
|
| 245 | 1 | 3 |
_aLa gran jugada _b: comedia en tres actos y en verso / _coriginal de José Marco. |
| 260 |
_aMadrid : _b[s.n.], _c1873 ( _fEstablecimientos tipográficos de Manuel Minuesa) |
||
| 300 |
_a99 p. ; _c17 cm. |
||
| 490 | 1 | _aEl teatro: colección de obras dramáticas y líricas | |
| 500 | _aEn port.: Representada por primera vez en el teatro de Lope de Rueda de Madrid, el día 17 de abril de 1873. | ||
| 830 | 0 | 3 |
_aEl teatro: colección de obras dramática y líricas _9221753 |
| 852 |
_aES-MaACL _jF-8617(4) _z-- Enc. pasta española _q.- Falto de la cub. original _z.- Enc. en un vol. facticio formando parte de la col. facticia "Teatro español moderno", vol. 72 |
||
| 999 |
_c158686 _d158686 |
||